| 000 | 01529nam a2200349 i 4500 | ||
|---|---|---|---|
| 003 | DO-SdBNP | ||
| 005 | 20240320151551.0 | ||
| 007 | ta | ||
| 008 | 240320b2022 dr a|||| |||| 00| 0 spa d | ||
| 020 | _a9789945933109 | ||
| 040 |
_aDO-SdBNP _bspa _cBNPHU _erda |
||
| 082 | 4 | _222 | |
| 100 |
_aPaulino, Altagracia, _940393 _eautora |
||
| 245 | 1 | 0 |
_aPensamiento y palabras / _cAltagracia Paulino ; presentación, Juan Bolivar Díaz ; prólogo, Bienvenido Álvarez-Vega ; producción y coordinación, Noris Decena ; compilación, Alba de Moya ; corrección, Lourdes Ivette Reyes Méndez ; colaboración, Rosa Arredondo ; ilustraciones, Sughey Abreu Báez |
| 264 |
_aSanto Domingo : _bFondo Cooperativo, _c2022. |
||
| 300 |
_avolumenes ; _c23 cm. |
||
| 336 |
_2rdacontent _atexto _btxt |
||
| 337 |
_2rdamedia _asin mediación _bn |
||
| 338 |
_2rdacarrier _avolumen _bnc |
||
| 500 | _aArtículos publicados en el periódico Hoy, desde 1993 hasta julio 2021 Tomo 1 y 2 | ||
| 500 | _aIncluye datos biográficos de la autora en la solapa de la cubierta | ||
| 590 | _aInventariado, 2024/BT | ||
| 700 | 1 |
_aDíaz, Juan Bolivar, _epresentación _938361 |
|
| 700 | 1 |
_aÁlvarez-Vega, Bienvenido, _eprólogo _927120 |
|
| 700 | 1 |
_aDecena, Noris, _eproducción _935081 |
|
| 700 | 1 |
_aMoya, Alba de, _ecompilación _985078 |
|
| 700 | 1 |
_aReyes Méndez, Lourdes Ivette, _ecorrección _985079 |
|
| 700 | 1 |
_aArredondo, Rosa, _ecolaboración _956938 |
|
| 700 | 1 |
_aAbreu Báez, Sughey, _eilustraciones _985080 |
|
| 910 | _aBtavárez | ||
| 942 |
_2ddc _cLBS1 |
||
| 999 |
_c56162 _d56162 |
||